000
00304nam a2200121Ia 4500
008
240624s9999 xx 000 0 und d
041
_a
eng
082
_a
658.4 KUM
100
_a
KUMAR U DINESH
245
_a
BUSINESS ANALYTICS THE SCIENCE OF DATA D
260
_c
2017
_a
New Delhi
_b
Wiley
300
_a
736 p.
999
_c
30264
_d
30264